Capoluoghi che iniziano con la A - Statistics

Statistiche generali
  • Questo quiz è stato fatto 81 volte
  • Il punteggio medio è 9 su 9
Statistiche sulle risposte
Popolazione (ab.) Regione Capoluogo % Corretto
33 915 Valle d'Aosta Aosta
100%
94 027 Piemonte Alessandria
99%
100 907 Marche Ancona
99%
99 487 Toscana Arezzo
97%
59 068 Sicilia Agrigento
96%
48 390 Marche Ascoli Piceno
96%
54 198 Campania Avellino
96%
76 126 Piemonte Asti
94%
99 784 Puglia Andria
90%
Nessun quiz corrispondente trovato
Distribuzione punteggi
Percentuale di utenti per punteggio
Percentile per numero di risposta
I tuoi punteggi nel tempo
Non hai fatto questo quiz